000 01015nam a2200313 c 4500
003 BLK
005 20180420222242.0
008 180408b bul|||||r ||||||| ||bul||
010 _aKNG00056488000
020 _a0-582-77650-3
_bиздат.: Longman - на том
040 _aBLK
041 _aENG
_cENG
080 _aАнглийски език
_b811.111
_x(075.4)
_z811.111(075.4)
139 _aOpportunities
_bO 65
245 1 0 _aOpportunities
_nUpper Intermediate
_pTest Book
257 _aGBR
260 Harlow
_c2005
_fотпеч. в Испания
300 _c28 см
380 _a80
650 4 _aАнглийски език - учебни помагала
_9243996
653 _aанглийски език
653 _aучебни помагала
760 1 _3- на том
_dLongman, 2005
_h62 с.
_tUpper Intermediate Test Book
852 _aЦб ІІ 13448
856 4 _qpdf
_u
856 4 _qpdf
_u
942 _cKNG
_n0
944 _aCR
_c09.11.2005
_kТеодора_Стоянова
944 _aED
_c12.12.2007
_k
999 _c52564
_d52564